Southville International School and Colleges
Your cart is empty.
  • Cart
  • Lists
    Public lists Eva Luna New books Lux_list list_1
    Your lists Log in to create your own lists
  • Log in to your account
  • Your cookies
  • Search history
Southville International School and Colleges
  • Advanced search
  • Recent comments
  • Most popular
  • Libraries

Log in to your account

Log in with GOOGLE


If you do not have an external account, but do have a local account, you can still log in:

  1. Home
  2. MARC view: The illustrated atlas of the human body /
Normal view MARC view ISBD view

The illustrated atlas of the human body / (Record no. 282561)

[ view plain ]
MARC details
000 -LEADER
fixed length control field 01658cam a2200301Ia 4500
001 - CONTROL NUMBER
control field HSB011831
003 - CONTROL NUMBER IDENTIFIER
control field OCoLC
005 - DATE AND TIME OF LATEST TRANSACTION
control field 20150209141246.0
008 - FIXED-LENGTH DATA ELEMENTS--GENERAL INFORMATION
fixed length control field 090320s2008 at a 001 0 eng d
020 ## - INTERNATIONAL STANDARD BOOK NUMBER
International Standard Book Number 9781742523279
035 ## - SYSTEM CONTROL NUMBER
System control number (OCoLC)316597302
Canceled/invalid control number (OCoLC)755704404
040 ## - CATALOGING SOURCE
Original cataloging agency JJJ
Transcribing agency JJJ
Modifying agency IUI
-- XY4
-- VOV
-- BTCTA
-- OKPPL
050 14 - LIBRARY OF CONGRESS CALL NUMBER
Classification number QM 25
Item number .M228 2011
100 1# - MAIN ENTRY--PERSONAL NAME
Personal name McMillan, Beverly.
245 14 - TITLE STATEMENT
Title The illustrated atlas of the human body /
Statement of responsibility, etc Beverly McMillan ; illustrations, Argosy Pub.
260 ## - PUBLICATION, DISTRIBUTION, ETC. (IMPRINT)
Place of publication, distribution, etc Australia. :
Name of publisher, distributor, etc Weldon Owen,
Date of publication, distribution, etc c2011.
300 ## - PHYSICAL DESCRIPTION
Extent 288 pages :
Other physical details colored illustrations ;
Dimensions 33 cm.
500 ## - GENERAL NOTE
General note Includes index.
505 2# - FORMATTED CONTENTS NOTE
Formatted contents note Fundamentals -- Fundamentals -- Body systems: Body systems illustrated -- Integumentary system -- Skeletal system -- Muscular system -- Nervous system -- Endocrine system -- Circulatory system -- Respiratory system -- Defense and lymphatic system -- Digestive system -- Urinary system -- Sensory System -- Female reproductive system -- Male reproductive system -- Reference: Medical milestones to 1850 -- Medical milestones 1850 to the present -- Glossary -- Index.
520 ## - SUMMARY, ETC.
Summary, etc Uses microphotography, advanced medical imaging, and annotated illustrations to provide scientific information about the human body, covering the body systems, bones, muscles and skin, sensory and digestive processes, and the brain and internal organs.
650 ## - SUBJECT ADDED ENTRY--TOPICAL TERM
Topical term or geographic name as entry element Anatomy
Form subdivision atlases.
650 ## - SUBJECT ADDED ENTRY--TOPICAL TERM
Topical term or geographic name as entry element Physiological Phenomena
Form subdivision atlases.
650 #0 - SUBJECT ADDED ENTRY--TOPICAL TERM
Topical term or geographic name as entry element Human anatomy
Form subdivision Atlases.
650 #0 - SUBJECT ADDED ENTRY--TOPICAL TERM
Topical term or geographic name as entry element Human physiology
Form subdivision Atlases.
710 2# - ADDED ENTRY--CORPORATE NAME
Corporate name or jurisdiction name as entry element Argosy Publishing Company.
740 ## - ADDED ENTRY--UNCONTROLLED RELATED/ANALYTICAL TITLE
Uncontrolled related/analytical title Atlas of the human body.
942 ## - ADDED ENTRY ELEMENTS (KOHA)
Source of classification or shelving scheme Library of Congress Classification
Koha item type Books
Holdings
Withdrawn status Lost status Source of classification or shelving scheme Damaged status Home library Current library Shelving location Date acquired Source of acquisition Sub Shelving location Total Checkouts Full call number Barcode Date last seen Price effective from Koha item type
    Library of Congress Classification   Luxembourg Library Luxembourg Library Reference Section 02/09/2015 Library Fund     QM 25 .M228 2011 19898 08/19/2015 02/09/2015 Books

The illustrated atlas of the human body /

APA

McMillan B., Argosy Publishing Company, . (2011). The illustrated atlas of the human body. Australia: Weldon Owen.

Chicago

McMillan Beverly, Argosy Publishing Company, . 2011. The illustrated atlas of the human body. Australia: Weldon Owen.

Harvard

McMillan B., Argosy Publishing Company, . (2011). The illustrated atlas of the human body. Australia: Weldon Owen.

MLA

McMillan Beverly, Argosy Publishing Company, . The illustrated atlas of the human body. Australia: Weldon Owen. 2011.

  • Place hold
  • Print
  • Cite
  • Add to your cart (remove)
  • Save record
    BIBTEX Dublin Core MARCXML MARC (non-Unicode/MARC-8) MARC (Unicode/UTF-8) MARC (Unicode/UTF-8, Standard) MODS (XML) RIS
  • More searches
    Search for this title in:
    Other Libraries (WorldCat) Other Databases (Google Scholar) Online Stores (Bookfinder.com) Open Library (openlibrary.org)

Exporting to Dublin Core...

SOUTHVILLE LIBRARY

Southville International School and Colleges Library

1281 Tropical Ave. Cor. Luxembourg St., BF Homes International, Las Pinas City

Tel. No. 8256374 / 252358 Loc. 117/146

Powered by Koha